Le Goût du monde: Exercices de paysage.
محفوظ في:
| المؤلف الرئيسي: | |
|---|---|
| التنسيق: | غير معروف |
| اللغة: | الإنجليزية |
| منشور في: |
Paris, Francia:
Actes Sud/ENSP,
2009.
|
| الطبعة: | Primera edición. |
| سلاسل: | Collection Paysage
|
| الموضوعات: | |
| الوسوم: |
إضافة وسم
لا توجد وسوم, كن أول من يضع وسما على هذه التسجيلة!
|
MARC
| LEADER | 00000 a2200000 4500 | ||
|---|---|---|---|
| 003 | CL-VaPUC | ||
| 005 | 20241126162932.0 | ||
| 008 | 241106t ||||| |||| 00| 0 eng d | ||
| 999 | |c 445062 |d 445060 | ||
| 020 | |a 978-2-7427-8729-6 | ||
| 040 | |c Pontificia Universidad Católica de Valparaíso | ||
| 082 | |a 712.01 BES 2019 | ||
| 100 | |a Besse, Jean-Marc |e author |9 892130 | ||
| 245 | |a Le Goût du monde: |b Exercices de paysage. | ||
| 250 | |a Primera edición. | ||
| 260 | |a Paris, Francia: |b Actes Sud/ENSP, |c 2009. | ||
| 300 | |a 227 páginas. | ||
| 440 | |9 893297 |a Collection Paysage | ||
| 546 | |a Libro en idioma francés. | ||
| 583 | |k Gabriela Rodríguez Cuevas |c 20241106 | ||
| 650 | 0 | |9 344660 |a Paisajes |x Planificación y diseño |x Aspectos filosóficos | |
| 650 | 0 | |9 329124 |a Fotografía aérea (Aerofotografía) |x Geografía | |
| 650 | 0 | |9 266055 |a Cartografía |v Mapas | |
| 942 | |2 ddc |c BK | ||
| 952 | |0 0 |1 0 |2 ddc |4 0 |6 712_010000000000000_BES_2019 |7 0 |8 A |9 597766 |a BIBARQ |b BIBARQ |d 2024-11-05 |e 2 |g 61747.68 |i 5663114 |l 2 |o 712.01 BES 2019 |p 5663114 |r 2025-04-22 |s 2025-03-21 |t 1 |v 61747.68 |w 2024-11-05 |y BK |k MAD | ||